Sports at Winter Olympics - Statistics

General Stats
  • This quiz has been taken 224 times
    158 since last reset
  • The average score is 9 of 16
Answer Stats
Hint Answer % Correct
Ice Sports Ice Hockey
91%
Skating Figure skating
80%
Skating Speed skating
77%
Ice Sports Curling
71%
Skiing Snowboarding
71%
Nordic Events Cross-country skiing
66%
Ice Sports Bobsleigh
59%
Nordic Events Biathlon
57%
Nordic Events Ski jumping
54%
Skiing Alpine skiing
53%
Ice Sports Skeleton
47%
Ice Sports Luge
46%
Skiing Freestyle skiing
38%
Skating Short track speed skating
32%
Nordic Events Nordic combined
29%
Skiing Ski mountaineering
8%
No matching quizzes found
Score Distribution
Percent of People with Each Score
Percentile by Number Answered
Your Score History
You have not taken this quiz since the last reset